Сказки народов Сибири: Для младшего школьного возраста

Dades bibliogràfiques
Altres autors: Падерина Э. (составитель), Плитченко А. (иллюстратор), Гороховский Э.
Idioma:rus
Publicat: Новосибирск, Западно-Сибирское книжное издательство, 1984
Matèries:
Format: MixedMaterials Llibre
KOHA link:https://koha.lib.tpu.ru/cgi-bin/koha/opac-detail.pl?biblionumber=135803

MARC

LEADER 00000nam0a2200000 4500
001 135803
005 20240812161450.0
035 |a (RuTPU)RU\TPU\book\147181 
090 |a 135803 
100 |a 20080415d1984 c y0rusy50 ca 
101 0 |a rus 
102 |a RU 
105 |a a z 000ay 
200 1 |a Сказки народов Сибири  |e Для младшего школьного возраста  |f сост. Э. Падерина ; А. Плитченко ; худож. Э. Гороховский 
210 |a Новосибирск  |c Западно-Сибирское книжное издательство  |d 1984 
215 |a 232 с.  |c ил. 
606 1 |a Сказки  |9 87740 
610 1 |a фольклор 
610 1 |a Сибирь 
610 1 |a народы 
675 |a 811  |v 3 
702 1 |a Падерина  |b Э.  |4 220 
702 1 |a Плитченко  |b А.  |4 220 
702 1 |a Гороховский  |b Э.  |4 440 
801 1 |a RU  |b 63413507  |c 20080415  |g PSBO 
801 2 |a RU  |b 63413507  |c 20080826  |g PSBO 
942 |c BK